| 000 | 00728nam a2200217 i 4500 | ||
|---|---|---|---|
| 001 | 141025 | ||
| 003 | ES-MaACL | ||
| 005 | 20260126132027.0 | ||
| 007 | t| | ||
| 008 | 070919s1909 fr |||| | fre d | ||
| 100 | 1 |
_aWilmotte, Maurice. _9117003 |
|
| 245 | 1 | 0 |
_aÉtudes critiques sur la tradition littéraire en France / _cMaurice Wilmotte. |
| 260 |
_aParis : _bH. Champion, _c1909. |
||
| 300 |
_aXIV, 322 p. ; _c19 cm. |
||
| 530 | _aDisponible en formato digital. | ||
| 650 | 4 |
_aLiteratura francesa- _xHistoria y crítica _914586 |
|
| 852 |
_aES-MaACL _jF-8846 _cSPP2 |
||
| 856 | 4 |
_uhttps://archive.org/details/tudescritiques00wilmuoft/page/n8 _y(Internet Archive) |
|
| 942 | _2udc | ||
| 999 |
_c141025 _d141025 |
||